[Event "4NCL Division One"]
[Site "Milton Keynes, ENG"]
[Date "2023.05.01"]
[Round "11.44"]
[White "Keetman, Maaike"]
[Black "Hill, Alistair"]
[Result "1-0"]
[WhiteElo "2129"]
[BlackElo "2171"]
[PlyCount "145"]
[EventDate "2023.05.01"]
[WhiteTeam "Chessable White Rose 2"]
[BlackTeam "Cambridge University 1"]

1. e4 c6 2. Nc3 d5 3. Nf3 Bg4 4. h3 Bxf3 5. Qxf3 e6 6. g3 d4 7. Nb1 Nd7 8. d3
h5 9. Bg2 h4 10. g4 Be7 11. Qe2 e5 12. f4 exf4 13. Bxf4 Bg5 14. O-O Bxf4 15.
Rxf4 Ne5 16. Nd2 Ne7 17. g5 N7g6 18. Rf5 Qc7 19. Nf3 O-O-O 20. Rf1 Rd7 21. Qf2
Nxf3+ 22. Bxf3 Ne5 23. Rxe5 Qxe5 24. Bg4 Qxg5 25. Qxf7 Rhd8 26. Qf4 Qe7 27.
Bxd7+ Rxd7 28. Qf8+ Kc7 29. Qxe7 Rxe7 30. Rf5 Kd6 31. Rg5 Rf7 32. Kg2 b5 33.
Rg4 c5 34. Rxh4 c4 35. Rh5 cxd3 36. cxd3 a6 37. Rd5+ Ke6 38. Rxd4 Rc7 39. Rb4
Rc2+ 40. Kf3 Rh2 41. Kg3 Re2 42. Kf3 Rh2 43. Kg4 Ke5 44. a4 bxa4 45. Rxa4 Rxb2
46. Rxa6 Rg2+ 47. Kf3 Rh2 48. Ra5+ Ke6 49. Rh5 Rh1 50. Ke3 Ra1 51. Rg5 Kf6 52.
Rg3 g5 53. Rf3+ Ke6 54. h4 gxh4 55. Rh3 Ra3 56. Rxh4 Kd6 57. Rh6+ Ke5 58. Rh5+
Ke6 59. Rb5 Kd6 60. Rh5 Ke6 61. Rg5 Rb3 62. Ra5 Kd6 63. e5+ Ke6 64. Ke4 Rb1 65.
Ra6+ Ke7 66. d4 Rb4 67. e6 Rb1 68. Ke5 Re1+ 69. Kd5 Kf6 70. Ra8 Re2 71. Rf8+
Ke7 72. Rf7+ Ke8 73. Ra7 1-0

[Event "4NCL Division One"]
[Site "Milton Keynes, ENG"]
[Date "2023.05.01"]
[Round "11.45"]
[White "Robertson, J Stuart"]
[Black "Weller, Jean-Luc"]
[Result "1/2-1/2"]
[WhiteElo "2160"]
[BlackElo "2224"]
[PlyCount "81"]
[EventDate "2023.05.01"]
[WhiteTeam "Cambridge University 1"]
[BlackTeam "Chessable White Rose 2"]

1. d4 Nf6 2. c4 e6 3. Nc3 Bb4 4. e3 O-O 5. Bd2 b6 6. Nf3 Bb7 7. Bd3 d5 8. cxd5
exd5 9. O-O Nbd7 10. Rc1 a6 11. Ne5 Bd6 12. f4 Ne4 13. Rf3 Ndf6 14. Be1 Nxc3
15. bxc3 Ne4 16. c4 dxc4 17. Bxc4 Bxe5 18. fxe5 c5 19. Rf4 cxd4 20. Bh4 Qd7 21.
exd4 Rac8 22. d5 b5 23. Rxe4 Rxc4 24. Rexc4 bxc4 25. d6 Rc8 26. Qd4 c3 27. Rc2
h6 28. Be1 Qb5 29. Rxc3 Rxc3 30. Bxc3 Qc6 31. Qd2 Bc8 32. h3 Be6 33. Kh2 Kf8
34. a3 Kg8 35. Qd4 Kh7 36. Bd2 Qb5 37. Qe4+ Kg8 38. Qa8+ Kh7 39. Qe4+ Kg8 40.
Be3 Bd7 41. Qa8+ 1/2-1/2

[Event "4NCL Division One"]
[Site "Milton Keynes, ENG"]
[Date "2023.05.01"]
[Round "11.46"]
[White "Chan, Sheng Liang Bernard"]
[Black "Starley, Robert"]
[Result "1-0"]
[WhiteElo "2184"]
[BlackElo "2079"]
[PlyCount "89"]
[EventDate "2023.05.01"]
[WhiteTeam "Chessable White Rose 2"]
[BlackTeam "Cambridge University 1"]

1. d4 Nf6 2. c4 e6 3. Nf3 b6 4. g3 Bb7 5. Bg2 Bb4+ 6. Bd2 Bxd2+ 7. Qxd2 O-O 8.
Nc3 d6 9. Qc2 Re8 10. Rd1 Nbd7 11. e4 e5 12. d5 a5 13. O-O Nc5 14. b3 Bc8 15.
Nd2 Bg4 16. f3 Bh5 17. a3 Qb8 18. Ra1 Qb7 19. Ra2 h6 20. Rfa1 Ra6 21. b4 Ncd7
22. Bf1 Rea8 23. c5 bxc5 24. Bxa6 Qxa6 25. bxa5 Qxa5 26. a4 Bg6 27. Qb3 Rb8 28.
Nb5 Rb7 29. Nc4 Qa6 30. Qc3 Nb6 31. Qa5 Qa8 32. Qxa8+ Nxa8 33. Na5 Rb6 34. Nc4
Rb8 35. Rb2 Nd7 36. a5 f5 37. Nc3 Rxb2 38. Nxb2 fxe4 39. fxe4 Nf6 40. Nbd1 Nxe4
41. Rb1 Nxc3 42. Rb8+ Kf7 43. Nxc3 Nb6 44. Rxb6 cxb6 45. axb6 1-0

[Event "4NCL Division One"]
[Site "Milton Keynes, ENG"]
[Date "2023.05.01"]
[Round "11.47"]
[White "Stewart, Ashley"]
[Black "Kisteneva, Liza"]
[Result "0-1"]
[WhiteElo "2070"]
[BlackElo "2065"]
[PlyCount "150"]
[EventDate "2023.05.01"]
[WhiteTeam "Cambridge University 1"]
[BlackTeam "Chessable White Rose 2"]

1. d4 d5 2. c4 e6 3. Nf3 Nf6 4. g3 Bb4+ 5. Nbd2 O-O 6. Bg2 dxc4 7. Qc2 c5 8.
dxc5 Bxc5 9. O-O Nc6 10. Nxc4 Nb4 11. Qb3 b5 12. Nce5 Qb6 13. a3 Nbd5 14. Nd3
Bd6 15. Nfe1 Qd4 16. Nf3 Qc4 17. Nd2 Qxb3 18. Nxb3 e5 19. Bg5 Rb8 20. Rfc1 h6
21. Bxf6 Nxf6 22. Na5 Rb6 23. Nc6 e4 24. Ndb4 a6 25. Rc2 Bb7 26. Rac1 Bxb4 27.
Nxb4 Rd8 28. e3 a5 29. Na2 b4 30. axb4 axb4 31. Rc4 b3 32. Nc3 Rd2 33. Na4 Rbd6
34. h3 Rd1+ 35. Rxd1 Rxd1+ 36. Kh2 Rd2 37. Kg1 Rc2 38. Rb4 Bc6 39. Nc3 Rxb2 40.
Nxe4 Nxe4 41. Bxe4 Bxe4 42. Rxe4 Rc2 43. Rb4 b2 44. Kg2 Kf8 45. Rb7 Ke8 46. Kf3
Kd8 47. e4 Kc8 48. Rb4 Kc7 49. Ke3 Kc6 50. f4 Kc5 51. Kd3 Rg2 52. Rb7 Kc6 53.
Rb8 Rxg3+ 54. Kc2 Rxh3 55. Kxb2 Rf3 56. f5 f6 57. Rg8 Kd6 58. Rxg7 Ke5 59. Re7+
Kf4 60. Kc2 h5 61. Rh7 Kxe4 62. Rxh5 Rxf5 63. Rh4+ Ke3 64. Kd1 Rf1+ 65. Kc2 f5
66. Rh8 Rf4 67. Re8+ Re4 68. Rf8 f4 69. Kd1 Kf2 70. Rf7 f3 71. Ra7 Rd4+ 72. Kc2
Ke3 73. Re7+ Re4 74. Rf7 Ke2 75. Kc3 f2 0-1

[Event "4NCL Division One"]
[Site "Milton Keynes, ENG"]
[Date "2023.05.01"]
[Round "11.48"]
[White "Walton, Alan J"]
[Black "Sivanandan, Bodhana"]
[Result "1/2-1/2"]
[WhiteElo "2149"]
[BlackElo "1967"]
[PlyCount "99"]
[EventDate "2023.05.01"]
[WhiteTeam "Chessable White Rose 2"]
[BlackTeam "Cambridge University 1"]

1. d4 d5 2. c4 c6 3. Nc3 Nf6 4. Nf3 e6 5. Bg5 Nbd7 6. cxd5 exd5 7. e3 h6 8. Bh4
g5 9. Bg3 Nh5 10. Bd3 Nxg3 11. hxg3 Bg7 12. Qc2 Nb6 13. Nd2 Qe7 14. O-O-O Be6
15. Nb3 O-O-O 16. Nc5 Kb8 17. Kb1 Nd7 18. N3a4 Nxc5 19. Nxc5 Rhf8 20. Rc1 f5
21. Qa4 Bc8 22. Rc3 f4 23. Ra3 b6 24. Na6+ Bxa6 25. Bxa6 Rd6 26. Rc1 Qd7 27.
Rac3 fxg3 28. fxg3 Rff6 29. Qc2 Bf8 30. b4 Rde6 31. a3 Qc7 32. e4 Rxe4 33. Rxc6
Rxc6 34. Qxc6 Qxc6 35. Rxc6 Re8 36. Kc2 Rd8 37. g4 Bd6 38. Kd3 Bf4 39. Rxh6 Kc7
40. Bb5 a5 41. Rh7+ Kd6 42. Rh6+ Kc7 43. bxa5 bxa5 44. a4 Rd6 45. Rxd6 Kxd6 46.
Be8 Bc1 47. Bf7 Bf4 48. Bg8 Bc1 49. Bf7 Bf4 50. Bg8 1/2-1/2

[Event "4NCL Division One"]
[Site "Milton Keynes, ENG"]
[Date "2023.05.01"]
[Round "11.51"]
[White "Gormally, Daniel W"]
[Black "Rudd, Jack"]
[Result "1-0"]
[WhiteElo "2434"]
[BlackElo "2294"]
[PlyCount "47"]
[EventDate "2023.05.01"]
[WhiteTeam "Blackthorne"]
[BlackTeam "West is Best 1"]

1. d4 Nf6 2. Nf3 d5 3. c4 c6 4. Nc3 e6 5. Bg5 dxc4 6. e4 b5 7. e5 h6 8. Bh4 g5
9. Bg3 Nd5 10. Nd2 Nd7 11. Be2 N7b6 12. O-O Bb7 13. a4 Nxc3 14. bxc3 Nd5 15.
Ne4 a6 16. Qc2 Qd7 17. Bh5 O-O-O 18. Rfb1 Rg8 19. h3 Rg7 20. Rb2 Be7 21. Be2
Nf4 22. Bxc4 bxc4 23. Rab1 Nd5 24. Qe2 1-0

[Event "4NCL Division One"]
[Site "Milton Keynes, ENG"]
[Date "2023.05.01"]
[Round "11.52"]
[White "Cooper, John G"]
[Black "Ledger, Dave J"]
[Result "0-1"]
[WhiteElo "2250"]
[BlackElo "2279"]
[PlyCount "50"]
[EventDate "2023.05.01"]
[WhiteTeam "West is Best 1"]
[BlackTeam "Blackthorne"]

1. c4 Nf6 2. Nf3 e6 3. Nc3 d5 4. e3 c5 5. d4 Nc6 6. cxd5 exd5 7. Bb5 Be6 8. O-O
Bd6 9. dxc5 Bxc5 10. b3 O-O 11. Bb2 Qe7 12. Rc1 Rac8 13. Ne2 Ba3 14. Bxa3 Qxa3
15. Bxc6 bxc6 16. Ned4 c5 17. Nxe6 fxe6 18. Qe2 Ne4 19. Ne5 Rxf2 20. Rxf2 Qxc1+
21. Rf1 Qc3 22. Qf3 Nf6 23. Nd7 Nxd7 24. Qf7+ Kh8 25. Qxe6 Rf8 0-1

[Event "4NCL Division One"]
[Site "Milton Keynes, ENG"]
[Date "2023.05.01"]
[Round "11.53"]
[White "Bates, Richard A"]
[Black "Rees, Ioan"]
[Result "1/2-1/2"]
[WhiteElo "2344"]
[BlackElo "2287"]
[PlyCount "49"]
[EventDate "2023.05.01"]
[WhiteTeam "Blackthorne"]
[BlackTeam "West is Best 1"]

1. d4 Nf6 2. Nf3 e6 3. e3 d5 4. Bd3 b6 5. O-O Nbd7 6. b3 Bb7 7. Bb2 Bd6 8. c4
O-O 9. Nc3 a6 10. Rc1 Re8 11. Bb1 dxc4 12. bxc4 e5 13. d5 Nc5 14. Ng5 Bc8 15.
f4 h6 16. Qf3 Bg4 17. Qf2 exf4 18. exf4 Qd7 19. Qh4 hxg5 20. fxg5 Nfe4 21. Rce1
f5 22. Nxe4 Nxe4 23. Rxe4 Rxe4 24. Bxe4 Qe7 25. Bb1 1/2-1/2

[Event "4NCL Division One"]
[Site "Milton Keynes, ENG"]
[Date "2023.05.01"]
[Round "11.54"]
[White "Macfarlane, Donald"]
[Black "Nelson, Jonathan P"]
[Result "0-1"]
[WhiteElo "2207"]
[BlackElo "2256"]
[PlyCount "64"]
[EventDate "2023.05.01"]
[WhiteTeam "West is Best 1"]
[BlackTeam "Blackthorne"]

1. c4 e5 2. Nc3 d6 3. g3 Be7 4. Bg2 f5 5. b4 Nf6 6. d3 O-O 7. e3 c6 8. Nf3 Kh8
9. O-O Be6 10. b5 a6 11. bxc6 Nxc6 12. Bb2 Rc8 13. Qe2 Qe8 14. Ng5 Bd7 15. f4
Bd8 16. Rab1 h6 17. Nf3 e4 18. Nd2 exd3 19. Qxd3 Bb6 20. Rfe1 Nb4 21. Qxd6 Bc5
22. Qe5 Nd3 23. Qxe8 Rfxe8 24. Re2 Bxe3+ 25. Kh1 Nxb2 26. Rxb2 Bd4 27. Ndb1
Rxe2 28. Rxe2 Rxc4 29. Bf3 Bc6 30. Bxc6 bxc6 31. Nd1 Rc1 32. Rd2 c5 0-1

[Event "4NCL Division One"]
[Site "Milton Keynes, ENG"]
[Date "2023.05.01"]
[Round "11.55"]
[White "Ledger, Andrew J"]
[Black "Jones, Steven A"]
[Result "1/2-1/2"]
[WhiteElo "2337"]
[BlackElo "2127"]
[PlyCount "35"]
[EventDate "2023.05.01"]
[WhiteTeam "Blackthorne"]
[BlackTeam "West is Best 1"]

1. d4 Nf6 2. Nf3 g6 3. c4 Bg7 4. g3 d5 5. cxd5 Nxd5 6. Bg2 Nb6 7. O-O Nc6 8. e3
O-O 9. Nc3 Re8 10. Re1 a5 11. h3 a4 12. Rb1 Ra5 13. b4 axb3 14. axb3 e5 15.
dxe5 Nxe5 16. Nxe5 Bxe5 17. Bd2 Be6 18. Na4 1/2-1/2

[Event "4NCL Division One"]
[Site "Milton Keynes, ENG"]
[Date "2023.05.01"]
[Round "11.56"]
[White "Blackburn, Jonathan L B"]
[Black "Webb, Laurence E"]
[Result "1/2-1/2"]
[WhiteElo "2162"]
[BlackElo "2284"]
[PlyCount "121"]
[EventDate "2023.05.01"]
[WhiteTeam "West is Best 1"]
[BlackTeam "Blackthorne"]

1. d4 Nf6 2. c4 c5 3. d5 b5 4. cxb5 a6 5. e3 Bb7 6. Nc3 axb5 7. Bxb5 Qa5 8. Bd2
Qb6 9. Nf3 Nxd5 10. a4 e6 11. Nxd5 Bxd5 12. Bc3 Be7 13. O-O Bf6 14. Ne5 O-O 15.
Nc4 Bxc4 16. Bxf6 gxf6 17. Qg4+ Kh8 18. Qxc4 d5 19. Qh4 Qd8 20. Rfc1 c4 21. e4
f5 22. Qxd8 Rxd8 23. exd5 Rxd5 24. Bxc4 Rd2 25. b4 Nc6 26. a5 Nxb4 27. Rcb1 Nc6
28. a6 Kg7 29. Rb6 Na7 30. Bf1 Kf6 31. g3 h5 32. Bg2 Rad8 33. Bf3 h4 34. gxh4
Rg8+ 35. Kf1 Rc8 36. Ke1 Rcc2 37. Bd1 Ra2 38. Rxa2 Rxa2 39. Be2 Nc8 40. Rb4 Ne7
41. Bb5 Nc8 42. h3 Ra5 43. Ke2 Na7 44. Bd3 Nc6 45. Rb6 Ne5 46. f4 Nxd3 47. Kxd3
Ra4 48. Kc3 Kg6 49. Kb3 Ra1 50. Kb4 Kh5 51. Kb5 Kxh4 52. Rb7 Kxh3 53. Rxf7 Kg4
54. Re7 Kxf4 55. Rxe6 Kg3 56. Rg6+ Kf3 57. Kb6 f4 58. a7 Ke3 59. Re6+ Kd3 60.
Re5 Rxa7 61. Kxa7 1/2-1/2

[Event "4NCL Division One"]
[Site "Milton Keynes, ENG"]
[Date "2023.05.01"]
[Round "11.57"]
[White "Ledger, Stephen C"]
[Black "Zeidler, Sven P."]
[Result "1/2-1/2"]
[WhiteElo "2157"]
[BlackElo "2113"]
[PlyCount "116"]
[EventDate "2023.05.01"]
[WhiteTeam "Blackthorne"]
[BlackTeam "West is Best 1"]

1. d4 f5 2. g3 Nf6 3. Bg2 d6 4. c4 g6 5. Nc3 Bg7 6. Nf3 O-O 7. O-O c6 8. Qc2
Na6 9. a3 Qe8 10. Re1 e5 11. e4 exd4 12. exf5 Bxf5 13. Rxe8 Bxc2 14. Rxa8 Rxa8
15. Nxd4 Bd3 16. Bf1 Bxf1 17. Kxf1 Ng4 18. Nf3 Nc5 19. h3 Nb3 20. Rb1 Ne5 21.
Nxe5 Bxe5 22. Be3 Re8 23. Ne4 Bd4 24. Bxd4 Rxe4 25. Bc3 Rxc4 26. Re1 Kf7 27.
Re3 Nc5 28. Rf3+ Ke7 29. Re3+ Re4 30. Ke2 Ke6 31. f3 Rxe3+ 32. Kxe3 Na4 33. Bg7
d5 34. h4 c5 35. b3 Nb6 36. g4 a5 37. a4 c4 38. bxc4 Nxc4+ 39. Kf4 Nb6 40. Kg5
Kf7 41. Bc3 d4 42. Bxd4 Nxa4 43. Kh6 Kg8 44. f4 b5 45. f5 gxf5 46. g5 b4 47. h5
Nc3 48. g6 hxg6 49. Kxg6 Nd5 50. Kxf5 a4 51. Ke4 a3 52. Kd3 b3 53. Kd2 Nb4 54.
Kc1 a2 55. Kd2 Nd5 56. Bb2 Kh7 57. Kd3 Nb6 58. Kc3 Na4+ 1/2-1/2

[Event "4NCL Division One"]
[Site "Milton Keynes, ENG"]
[Date "2023.05.01"]
[Round "11.58"]
[White "O'Gorman, Alice"]
[Black "Varney, Zoe"]
[Result "0-1"]
[WhiteElo "2046"]
[BlackElo "2089"]
[PlyCount "106"]
[EventDate "2023.05.01"]
[WhiteTeam "West is Best 1"]
[BlackTeam "Blackthorne"]

1. c4 e5 2. Nc3 Nf6 3. g3 Bb4 4. e4 Bxc3 5. dxc3 d6 6. Bg2 a5 7. Nh3 a4 8. O-O
Nc6 9. Be3 Be6 10. b3 axb3 11. axb3 Rxa1 12. Qc1 Rb1 13. Qxb1 Nxe4 14. Qa1 Qc8
15. f4 Bxh3 16. Bxe4 exf4 17. Rf2 O-O 18. Bxf4 h6 19. Qc1 Re8 20. Bg2 Bxg2 21.
Kxg2 Qe6 22. Qc2 g5 23. Bc1 d5 24. Qf5 dxc4 25. Qxe6 Rxe6 26. bxc4 Ne5 27. Rf5
c6 28. h4 f6 29. c5 Kg7 30. hxg5 hxg5 31. Rf1 Nd3 32. Ba3 Re2+ 33. Kh3 Ra2 34.
Bb4 Nxb4 35. cxb4 Rb2 36. Kg4 Kg6 37. Rd1 Rxb4+ 38. Kf3 Kf5 39. Rd7 Rb3+ 40.
Kf2 Ke4 41. Re7+ Kd5 42. Rf7 Ke6 43. Rc7 Kf5 44. Rd7 Rb5 45. Re7 Rxc5 46. Rxb7
Rc2+ 47. Kf3 Rc3+ 48. Kf2 c5 49. Rc7 Kg4 50. Rc8 f5 51. Rc7 c4 52. Rc5 Rf3+ 53.
Ke2 c3 0-1

[Event "4NCL Division One"]
[Site "Milton Keynes, ENG"]
[Date "2023.05.01"]
[Round "11.61"]
[White "Sarakauskas, Gediminas"]
[Black "Willow, Jonah B"]
[Result "1/2-1/2"]
[WhiteElo "2388"]
[BlackElo "2468"]
[PlyCount "132"]
[EventDate "2023.05.01"]
[WhiteTeam "Gonzaga"]
[BlackTeam "Wood Green Youth"]

1. d4 d5 2. Nf3 e6 3. g3 c5 4. Bg2 cxd4 5. O-O Ne7 6. Nxd4 Nbc6 7. c4 Nxd4 8.
Qxd4 Nc6 9. Qd1 d4 10. e3 e5 11. exd4 exd4 12. Re1+ Be7 13. Bg5 Be6 14. Bxe7
Qxe7 15. Bxc6+ bxc6 16. Qxd4 O-O 17. Nc3 Rfd8 18. Qe3 Qf6 19. b3 h6 20. Qe5
Qxe5 21. Rxe5 Bh3 22. Rae1 Rd2 23. Rh5 Be6 24. Ra5 Bh3 25. Rh5 Be6 26. Rc5 Rc2
27. Ne2 Rd8 28. Nf4 Rdd2 29. Nxe6 Rxf2 30. Nf4 g5 31. Ne2 Rfxe2 32. Rxe2 Rxe2
33. Rxc6 Rxa2 34. Rxh6 Ra3 35. Rf6 Rxb3 36. Rf5 Rb1+ 37. Kf2 Rb2+ 38. Ke3 Rxh2
39. Rxg5+ Kf8 40. Ra5 Rg2 41. Kf4 Rc2 42. c5 a6 43. Ke5 Ke7 44. Kd5 Kd7 45.
Rxa6 Rd2+ 46. Ke5 Re2+ 47. Kf5 Rf2+ 48. Kg5 Rc2 49. Rd6+ Ke7 50. Rd5 Ke6 51.
Rf5 Rc3 52. g4 Rc4 53. Rf6+ Ke7 54. Rc6 Kd7 55. Rd6+ Ke7 56. Rd5 Ke6 57. Rf5
Rc1 58. Kh6 Rc4 59. Kg5 Rc1 60. Kf4 Rc4+ 61. Kf3 Rc3+ 62. Ke2 Rc4 63. Rg5 f6
64. Kd3 Ra4 65. Rg8 Kd5 66. Ke3 Ke5 1/2-1/2

[Event "4NCL Division One"]
[Site "Milton Keynes, ENG"]
[Date "2023.05.01"]
[Round "11.62"]
[White "Royal, Shreyas"]
[Black "Thorarinsson, Pall A."]
[Result "1-0"]
[WhiteElo "2438"]
[BlackElo "2203"]
[PlyCount "61"]
[EventDate "2023.05.01"]
[WhiteTeam "Wood Green Youth"]
[BlackTeam "Gonzaga"]

1. d4 d5 2. c4 c6 3. Nf3 e6 4. cxd5 exd5 5. Nc3 Bd6 6. Bg5 Qb6 7. Qc2 f6 8. Bd2
Ne7 9. e4 dxe4 10. Nxe4 Bb4 11. Bc4 Bf5 12. O-O Nd7 13. Rfe1 O-O-O 14. Bxb4
Qxb4 15. a3 Bxe4 16. Rxe4 Qd6 17. Re6 Nb6 18. Rxd6 Rxd6 19. Re1 Ned5 20. Qf5+
Kc7 21. Bxd5 Nxd5 22. h4 g6 23. Qg4 Rhd8 24. h5 gxh5 25. Qxh5 R8d7 26. g3 Nb6
27. Re8 Nc4 28. Qc5 Nb6 29. Qa5 Rd8 30. Rxd8 Rxd8 31. Qf5 1-0

[Event "4NCL Division One"]
[Site "Milton Keynes, ENG"]
[Date "2023.05.01"]
[Round "11.63"]
[White "Delaney, John"]
[Black "Fernandez, Daniel Howard"]
[Result "0-1"]
[WhiteElo "2230"]
[BlackElo "2512"]
[PlyCount "98"]
[EventDate "2023.05.01"]
[WhiteTeam "Gonzaga"]
[BlackTeam "Wood Green Youth"]

1. e4 c5 2. Nf3 Nc6 3. d4 cxd4 4. Nxd4 Nf6 5. Nc3 e6 6. Ndb5 Bc5 7. Be2 d6 8.
Bf4 e5 9. Bg5 a6 10. Na3 b5 11. Bxf6 gxf6 12. Nd5 f5 13. exf5 Bxf5 14. O-O Ra7
15. c3 Ne7 16. b4 Bb6 17. Nf6+ Kf8 18. Qd2 Ng6 19. Qh6+ Ke7 20. Nd5+ Ke6 21.
Rad1 Be4 22. Nxb6 Qxb6 23. c4 f5 24. cxb5 d5 25. bxa6 d4 26. Nb5 Rd7 27. Bc4+
Kf6 28. h4 Rc8 29. Be2 d3 30. Qg5+ Ke6 31. Bh5 Qxb5 32. Bxg6 hxg6 33. Qxg6+ Kd5
34. f3 Qxb4 35. fxe4+ fxe4 36. Rf7 Rcc7 37. Rxd7+ Rxd7 38. h5 d2 39. Qg8+ Kd4
40. Qg4 Ra7 41. h6 Kd3 42. Kh1 Rxa6 43. Qh3+ e3 44. h7 Ra8 45. Ra1 Qd4 46. Rb1
Rb8 47. Rf1 Rh8 48. Qf5+ Qe4 49. Qd7+ Ke2 0-1

[Event "4NCL Division One"]
[Site "Milton Keynes, ENG"]
[Date "2023.05.01"]
[Round "11.64"]
[White "Czopor, Maciej"]
[Black "Delaney, Killian"]
[Result "1/2-1/2"]
[WhiteElo "2403"]
[BlackElo "2294"]
[PlyCount "87"]
[EventDate "2023.05.01"]
[WhiteTeam "Wood Green Youth"]
[BlackTeam "Gonzaga"]

1. e4 c5 2. Nf3 Nf6 3. Nc3 d5 4. exd5 Nxd5 5. Bb5+ Bd7 6. Ne5 Nf6 7. Nxd7 Nbxd7
8. O-O a6 9. Be2 e6 10. Bf3 Qc7 11. d4 O-O-O 12. dxc5 Bxc5 13. Qe2 Ne5 14. Bg5
Rd4 15. h3 Rhd8 16. Rfe1 Nxf3+ 17. Qxf3 h6 18. Bxf6 gxf6 19. Rad1 f5 20. Rxd4
Rxd4 21. Ne2 Re4 22. Qc3 Kb8 23. Nc1 Rc4 24. Qd2 Bd6 25. c3 Bh2+ 26. Kf1 Bf4
27. Qd3 Rc5 28. Ne2 Rd5 29. Qf3 Bd2 30. Rd1 Qd7 31. Nd4 Bg5 32. Re1 Bd2 33. Re2
Bg5 34. g3 e5 35. Nb3 e4 36. Qh5 Rd1+ 37. Re1 Qd3+ 38. Qe2 Rxe1+ 39. Kxe1 Qb1+
40. Qd1 Qxb2 41. Qd6+ Ka8 42. Qf8+ Ka7 43. Qc5+ Kb8 44. Qf8+ 1/2-1/2

[Event "4NCL Division One"]
[Site "Milton Keynes, ENG"]
[Date "2023.05.01"]
[Round "11.65"]
[White "Wall, Gavin"]
[Black "Yao, Lan"]
[Result "1/2-1/2"]
[WhiteElo "2298"]
[BlackElo "2278"]
[PlyCount "87"]
[EventDate "2023.05.01"]
[WhiteTeam "Gonzaga"]
[BlackTeam "Wood Green Youth"]

1. e4 c5 2. Nf3 e6 3. b3 Nc6 4. Bb5 d6 5. O-O e5 6. c3 Bg4 7. h3 Bh5 8. d4 Qb6
9. Na3 O-O-O 10. Bxc6 Qxc6 11. Nxe5 dxe5 12. Qxh5 exd4 13. cxd4 Nf6 14. Qxf7
Rxd4 15. e5 Rd7 16. Qc4 Nd5 17. Bf4 Nxf4 18. Qxf4 Be7 19. Rad1 Rhd8 20. Rxd7
Rxd7 21. Re1 Qe6 22. Nc4 Rd4 23. Qf3 Kc7 24. a4 g6 25. Re3 Qd5 26. Qxd5 Rxd5
27. f4 b6 28. g4 a6 29. f5 b5 30. axb5 axb5 31. Na3 Bg5 32. Re2 gxf5 33. gxf5
Kc6 34. f6 Rd3 35. Rg2 Rd1+ 36. Kf2 Rd2+ 37. Kf3 Rxg2 38. Kxg2 Kd5 39. Nxb5
Kxe5 40. f7 Be7 41. Kf3 Kf6 42. Ke4 Kxf7 43. Kd5 Kf6 44. Nd6 1/2-1/2

[Event "4NCL Division One"]
[Site "Milton Keynes, ENG"]
[Date "2023.05.01"]
[Round "11.66"]
[White "Hunt, Harriet V"]
[Black "Freeman, Gordon"]
[Result "1-0"]
[WhiteElo "2346"]
[BlackElo "2222"]
[PlyCount "71"]
[EventDate "2023.05.01"]
[WhiteTeam "Wood Green Youth"]
[BlackTeam "Gonzaga"]

1. e4 c5 2. Nc3 e6 3. Nf3 a6 4. d4 cxd4 5. Nxd4 Qc7 6. Bd3 Nc6 7. Nxc6 dxc6 8.
O-O e5 9. f4 Bc5+ 10. Kh1 Nf6 11. f5 h5 12. Qf3 Ng4 13. a4 a5 14. Bg5 f6 15.
Bd2 Bd7 16. Nd1 O-O-O 17. Rb1 g6 18. fxg6 Rdg8 19. b4 axb4 20. Bxb4 Bxb4 21.
Rxb4 Qa5 22. c3 c5 23. Rb2 Rxg6 24. Bc4 Qxa4 25. Bd5 Rh7 26. Bxb7+ Kc7 27. Bd5
Rhg7 28. Ra2 Qb5 29. c4 Qb4 30. Nc3 Nxh2 31. Kxh2 Rg3 32. Qxf6 Qxc3 33. Ra7+
Kc8 34. Ra8+ Kc7 35. Qd8+ Kd6 36. Rf6# 1-0

[Event "4NCL Division One"]
[Site "Milton Keynes, ENG"]
[Date "2023.05.01"]
[Round "11.67"]
[White "Murray, David"]
[Black "Durak, Can"]
[Result "1/2-1/2"]
[WhiteElo "2129"]
[BlackElo "2301"]
[PlyCount "104"]
[EventDate "2023.05.01"]
[WhiteTeam "Gonzaga"]
[BlackTeam "Wood Green Youth"]

1. e4 e5 2. Nf3 Nc6 3. Bb5 a6 4. Ba4 Nf6 5. O-O Nxe4 6. Re1 Nc5 7. Bxc6 dxc6 8.
Nxe5 Be7 9. d3 O-O 10. Nd2 Be6 11. Nf1 Re8 12. Qf3 Nd7 13. Bf4 Nxe5 14. Bxe5
Bd6 15. Bxd6 Qxd6 16. Qg3 Qxg3 17. Nxg3 a5 18. f3 f6 19. Kf2 Kf7 20. a3 Bd7 21.
Ne4 b6 22. d4 Bf5 23. c3 a4 24. Re3 Be6 25. Rae1 Rad8 26. Ng3 Bd7 27. Rxe8 Bxe8
28. Ne4 Bd7 29. Re2 Bc8 30. Ke1 Ba6 31. Re3 Rd5 32. Nf2 Rb5 33. Nd1 Rh5 34. h3
Rg5 35. g4 Rd5 36. Nf2 h5 37. Ne4 hxg4 38. hxg4 Rd8 39. Kf2 Bc4 40. Re1 Rh8 41.
Kg2 Re8 42. Kf2 Bd5 43. Re2 Rh8 44. Kg2 Rd8 45. Kf2 Bc4 46. Re1 Rb8 47. Ng3 Rh8
48. Kg2 Bd5 49. Nf5 g6 50. Ne3 Re8 51. Kf2 Be6 52. Rh1 Kg7 1/2-1/2

[Event "4NCL Division One"]
[Site "Milton Keynes, ENG"]
[Date "2023.05.01"]
[Round "11.68"]
[White "Kalaiyalahan, Akshaya"]
[Black "Putar, Lara"]
[Result "1-0"]
[WhiteElo "2202"]
[BlackElo "1861"]
[PlyCount "155"]
[EventDate "2023.05.01"]
[WhiteTeam "Wood Green Youth"]
[BlackTeam "Gonzaga"]

1. d4 Nf6 2. c4 g6 3. g3 c6 4. Bg2 d5 5. Qa4 Be6 6. cxd5 Bxd5 7. Nf3 Ne4 8. O-O
Bg7 9. Nc3 Nxc3 10. bxc3 O-O 11. Qc2 c5 12. Rd1 cxd4 13. cxd4 Nd7 14. e4 Rc8
15. Qe2 Bc4 16. Qe1 b5 17. Bd2 Nb6 18. Ba5 Qc7 19. Rdc1 Rfd8 20. Bh3 e6 21. Qe3
Qb7 22. a3 Qa6 23. Bb4 Qa4 24. Bc5 Nd7 25. Be7 Re8 26. Bd6 Rc6 27. e5 Rec8 28.
Ng5 h6 29. Ne4 Bd5 30. Nc5 Nxc5 31. dxc5 Qe4 32. Qxe4 Bxe4 33. Bg2 Bxg2 34.
Kxg2 Bf8 35. Rd1 f6 36. f4 Kf7 37. Rd3 f5 38. Ra2 Bg7 39. Rb3 a6 40. a4 bxa4
41. Rxa4 Bf8 42. h4 Bxd6 43. cxd6 Rc2+ 44. Kf3 Rd2 45. Rxa6 g5 46. h5 g4+ 47.
Ke3 Rg2 48. Ra7+ Kf8 49. Kd4 Rd2+ 50. Rd3 Re2 51. Rc7 Ra8 52. Rdc3 Rd8 53. Rh7
Kg8 54. Rhc7 Kf8 55. Rc8 Ke8 56. Rxd8+ Kxd8 57. Kc5 Kd7 58. Ra3 Rc2+ 59. Kb4
Rb2+ 60. Kc5 Rc2+ 61. Kb6 Rb2+ 62. Ka7 Rb1 63. Rc3 Ra1+ 64. Kb6 Rb1+ 65. Kc5
Rg1 66. Kd4 Kd8 67. Ra3 Rg2 68. Ra8+ Kd7 69. Ra7+ Kd8 70. Re7 Rxg3 71. Rxe6 Rf3
72. Rxh6 g3 73. e6 Kc8 74. Ke5 Rd3 75. Rg6 Kb7 76. e7 Re3+ 77. Kxf5 Rc3 78. h6
1-0

[Event "4NCL Division One"]
[Site "Daventry, ENG"]
[Date "2022.10.23"]
[Round "2.11"]
[White "Willow, Jonah B"]
[Black "Fodor, Tamas Jr."]
[Result "1-0"]
[WhiteElo "2395"]
[BlackElo "2525"]
[PlyCount "55"]
[EventDate "2022.10.23"]
[WhiteTeam "Wood Green Youth"]
[BlackTeam "Cheddleton"]

1. e4 e6 2. d4 d5 3. Nc3 Bb4 4. Nge2 Nf6 5. e5 Nfd7 6. f4 b6 7. a3 Be7 8. g3 c5
9. Bg2 Nc6 10. Be3 Ba6 11. f5 Bg5 12. Qd2 Bxe3 13. Qxe3 Rc8 14. O-O-O Bxe2 15.
Nxe2 Qc7 16. c3 cxd4 17. Nxd4 Nxd4 18. Rxd4 O-O 19. Re1 exf5 20. Bxd5 Nc5 21.
Kb1 Rfe8 22. g4 fxg4 23. Rxg4 Qd7 24. Rxg7+ Kxg7 25. Rg1+ Kf8 26. Qh6+ Ke7 27.
Qf6+ Kf8 28. Bxf7 1-0

[Event "4NCL Division One"]
[Site "Daventry, ENG"]
[Date "2022.10.23"]
[Round "2.12"]
[White "Kirk, Ezra"]
[Black "Derakhshani, Borna"]
[Result "0-1"]
[WhiteElo "2440"]
[BlackElo "2386"]
[PlyCount "76"]
[EventDate "2022.10.23"]
[WhiteTeam "Cheddleton"]
[BlackTeam "Wood Green Youth"]

1. d4 d5 2. c4 c6 3. Nf3 Nf6 4. Nc3 dxc4 5. a4 Bf5 6. Nh4 Bc8 7. e3 e5 8. Bxc4
exd4 9. exd4 Bd6 10. O-O O-O 11. Qd3 Na6 12. Bxa6 bxa6 13. Re1 Bc7 14. Nf3 h6
15. Ne5 Bb7 16. Qc4 Rc8 17. Ng6 Re8 18. Rxe8+ Qxe8 19. Bf4 Bb6 20. Bd6 Rd8 21.
Ne7+ Kh8 22. Re1 Qd7 23. Bc5 Nd5 24. Bxb6 axb6 25. Nexd5 cxd5 26. Qb4 Re8 27.
Rxe8+ Qxe8 28. Kf1 Qe6 29. a5 b5 30. Qc5 Qf5 31. g3 Kh7 32. Kg2 Bc8 33. Qd6 Qc2
34. Qc7 Be6 35. b4 Qd3 36. Qc6 Bg4 37. h3 Bf3+ 38. Kg1 Qd2 0-1